| 000 | 00945cam a2200301 i 4500 | ||
|---|---|---|---|
| 001 | 1030035 | ||
| 003 | YEEZEN | ||
| 005 | 20260410142627.0 | ||
| 008 | 210809s2021 ch a g 000 e chi d | ||
| 020 |
_a9789570859287 _q(平裝) : _cNT$340 |
||
| 040 |
_aAS _bchi _erda _cAS _dPTTCL |
||
| 041 | 0 | _achi | |
| 042 | _anbic | ||
| 082 | _a863.55 | ||
| 084 | _a863.55 | ||
| 090 | _a863.55 | ||
| 100 | 0 | _a胖鳥 | |
| 245 | 1 | 0 |
_a這裡沒有英雄 : _b急診室醫師的COVID-19一線戰記 = Emergency doctors' frontline battles against COVID-19 / _c胖鳥著 |
| 246 | 1 | _a急診室醫師的COVID-19一線戰記 | |
| 246 | 3 | 1 | _aEmergency doctors' frontline battles against COVID-19. |
| 250 | _a初版 | ||
| 260 |
_a新北市 : _b聯經出版 : _b聯合發行總經銷, _c2021.07. |
||
| 300 |
_a[8], 287 面 : _b彩圖 ; _c21 公分 |
||
| 490 | 0 | _a聯經文庫 | |
| 650 | 7 |
_a臺灣文學 _2lcstt. |
|
| 650 | 7 |
_a散文 _2lcstt. |
|
| 942 |
_2ccl _cBOOK |
||
| 999 |
_c7706 _d7706 |
||